000 00431nam a2200157Ia 4500
008 210716s1987 xx 000 0 und d
020 _a0801613035
041 _aeng
082 _a658.83 DILW
100 _aDillon, William R;Madden, Thomas J;Firtle, Neil H.
245 _aMarketing reserach in a marketing environment.
250 _a1
260 _aMissouri
_c1987
300 _axxviii,742,I-15
650 _aMarketing Research
999 _c206070
_d206070